LEADER 01005nam a2200217 i 4500 001 000000174840 003 CaOOAMICUS 005 20230221123246.0 008 081008s1956 it u000 u ita u 040 $aSeMil$bita 100 1 $aQuacquarelli, Antonio.$0(OLS)http://semarc/name/3 245 13$aLa retorica antica al bivio :$b(L'Ad Nigrinum e l'Ad Donatum) /$cAntonio Quacquarelli. 264 1$aRoma :$bEdizioni Scientifiche Romane,$cstampa 1956. 300 $a215 p. ;$c25 cm. 650 4$aCipriano : di Cartagine - Opere.$0(OLS)http://semarc/subject/9760 650 4$aLuciano : di Samostata - Opere.$0(OLS)http://semarc/subject/4287 850 $aSeMil 852 $aSeMil$W1$xVenegono$y1$m1Z V 25$j237430$B125668$CSeMilBibl$Z2$F136582 $81 996 $6245$aLa retorica antica al bivio :$b(L'Ad Nigrinum e l'Ad Donatum)$9(OLS)http://semarc/title/250658 996 $6264$aRoma :$bEdizioni Scientifiche Romane$9(OLS)http://semarc/publisher/49339 LEADER 01135nam a2200241 i 4500 001 000000228809 003 CaOOAMICUS 005 20140411000000.0 008 140411s1968 ne u000 u eng u 013 $a207711 040 $aSeMil$bita 100 1 $aMetzger, Bruce Manning <1914-2007>.$0(OLS)http://semarc/name/19635 245 10$aHistorical and literary studies :$bPagan, Jewish, and Christian /$cby Bruce M. Metzger. 260 $aLeiden :$bE. J. Brill,$c1968. 300 $aX, 170 p., [20] c. di tav. :$bill. ;$c25 cm. 490 0 $aNew Testament tools and studies ;$v8. 650 4$aChiesa primitiva e delle origini .$0(OLS)http://semarc/subject/1281 650 4$aBibbia - NT - Critica testuale.$0(OLS)http://semarc/subject/2684 830 0$aNew Testament tools and studies ;$v8.$0(OLS)http://semarc/title/12548 850 $aSeMil 852 $aSeMil$W1$xVenegono$y1$m2Y III 163$j179155$B179155$CSeMilBibl$Z2$F190252 $81 996 $6245$aHistorical and literary studies :$bPagan, Jewish, and Christian$9(OLS)http://semarc/title/327504 996 $6260$aLeiden :$bE. J. Brill$9(OLS)http://semarc/publisher/30490